000 00257nam a2200097Ia 4500
008 190216s9999||||xx |||||||||||||| ||und||
100 _aSakunthala Varma
245 0 _aHindi-Adhunik Kaya Me Soundarya Bhavana
260 _bMac Millian And Com. Ltd
942 _cBK
999 _c17007
_d17007